[Event "ch-FRA Blitz Online Qual"]
[Site "Europe-Chess INT"]
[Date "2020.05.16"]
[Round "10"]
[White "Rapaire, Jean-Michel"]
[Black "Pineau, Patrick"]
[Result "1-0"]
[WhiteElo "1742"]
[BlackElo "1349"]
[WhiteFideId "5400023"]
[BlackFideId "20673329"]
[EventDate "2020.05.16"]

1. e4 c5 2. Nf3 e6 3. a3 a6 4. Bc4 b5 5. Ba2 c4 6. O-O Nc6 7. d3 Bb7 8. dxc4
bxc4 9. Bxc4 Qc7 10. Bd3 Ne5 11. Nxe5 Qxe5 12. Nd2 d6 13. Nf3 Qf6 14. Qd2 Qd8
15. Qg5 Nf6 16. Bd2 Bxe4 17. Bxe4 Nxe4 18. Qxd8+ Rxd8 19. Ba5 Rc8 20. c3 Be7 21.
Rad1 O-O 22. Nd2 Nc5 23. Bb4 Nd3 24. Rb1 Nxb4 25. axb4 Bg5 26. Ne4 Be7 27. Ra1
Ra8 28. Ra4 d5 29. Nd2 Bf6 30. Rfa1 d4 31. cxd4 Bxd4 32. R1a2 Rac8 33. g3 Rc1+
34. Kg2 Rc2 35. Ne4 f5 36. Ng5 Rxf2+ 37. Kh3 e5 38. Rxa6 Rxb2 39. Rxb2 Bxb2 40.
b5 e4 41. b6 e3 42. Nf3 e2 43. b7 Be5 44. Ra8 Rb8 45. Kg2 Kf7 46. Rxb8 Bxb8 47.
Kf2 Ke7 48. Kxe2 Kd7 49. Nd4 Kc7 50. Nxf5 Kxb7 51. Nxg7 Kc7 52. Nf5 Kd7 53. Kf3
Ke6 54. Nd4+ Kd5 55. Ne2 Ke5 56. h3 Kf5 57. Nf4 h6 58. h4 Kf6 59. g4 Kg7 60. Ke4
Bc7 61. Ne6+ Kf6 62. Nxc7 Kg6 63. Ne6 Kf6 64. Nf4 Kg7 65. Kf5 Kh7 66. g5 hxg5
67. hxg5 Kg7 68. Ne6+ Kf7 69. g6+ Kg8 70. Ng5 Kg7 71. Ne4 Kg8 72. Kf6 Kf8 73.
Ng5 Kg8 74. Ne6 Kh8 75. g7+ Kg8 76. Nf4 Kh7 77. Kf7 Kh6 78. Nd5 Kg5 79. g8=Q+
Kh4 80. Kf6 Kh3 81. Kf5 Kh2 82. Kf4 Kh1 83. Kf3 Kh2 84. Qg2# 1-0

[Event "ch-FRA Blitz Online Qual"]
[Site "Europe-Chess INT"]
[Date "2020.05.16"]
[Round "10"]
[White "Dincov, Matei"]
[Black "Ogier, Daniil"]
[Result "0-1"]
[WhiteElo "1714"]
[BlackElo "1059"]
[WhiteFideId "45118620"]
[BlackFideId "45187398"]
[EventDate "2020.05.16"]

1. d4 Nf6 2. c4 c5 3. d5 b5 4. cxb5 a6 5. bxa6 g6 6. Nc3 Bxa6 7. e4 Bxf1 8. Kxf1
d6 9. g3 Bg7 10. Kg2 O-O 11. Nf3 Nbd7 12. Re1 Qa5 13. a4 Ng4 14. Nb5 Rfb8 15.
Ra3 Nb6 16. b3 Bc3 17. Bd2 Bxd2 18. Qxd2 Qxd2 19. Nxd2 Nd7 20. Nc4 Nb6 21. Nxb6
Rxb6 22. f4 Rxb5 23. axb5 Rxa3 24. b6 Rxb3 25. Ra1 Rxb6 26. Ra8+ Kg7 0-1

[Event "ch-FRA Blitz Online Qual"]
[Site "Europe-Chess INT"]
[Date "2020.05.16"]
[Round "10"]
[White "Varin, Timeo"]
[Black "Gratton, Manolo"]
[Result "0-1"]
[WhiteElo "1287"]
[BlackElo "1573"]
[WhiteFideId "45117527"]
[BlackFideId "551089157"]
[EventDate "2020.05.16"]

1. e4 c6 2. d4 d5 3. e5 c5 4. c3 Bf5 5. Bd3 Bxd3 6. Qxd3 e6 7. Nf3 Nc6 8. O-O
cxd4 9. cxd4 Nge7 10. Bg5 h6 11. Bh4 Qb6 12. Nc3 Nf5 13. Na4 Qb4 14. b3 Nxh4 15.
Nxh4 Qxd4 16. Qxd4 Nxd4 17. Rfc1 Ne2+ 18. Kf1 Nxc1 19. Rxc1 Be7 20. Rc7 Bxh4 0-1

[Event "ch-FRA Blitz Online Qual"]
[Site "Europe-Chess INT"]
[Date "2020.05.16"]
[Round "10"]
[White "Rigaud-Retourne, Mael"]
[Black "Dietrich, Antoine"]
[Result "0-1"]
[WhiteElo "1103"]
[BlackElo "1499"]
[WhiteFideId "45167478"]
[BlackFideId "679879"]
[EventDate "2020.05.16"]

1. e4 c5 2. Nf3 d6 3. d4 cxd4 4. Nxd4 a6 5. Nc3 Nf6 6. Be3 Nc6 7. Bc4 e6 8. Bb3
Be7 9. O-O O-O 10. Qd2 Bd7 11. Rad1 Nxd4 12. Bxd4 e5 13. Be3 Be6 14. Nd5 Nxe4
15. Nxe7+ Qxe7 16. Qd3 Nc5 17. Bxc5 dxc5 18. Bxe6 Qxe6 19. Qe4 b5 20. Qb7 Qxa2
21. Rb1 Qc4 22. c3 Rfb8 23. Qe7 Re8 24. Qb7 h6 25. Rfe1 f6 26. Red1 Red8 27.
Rxd8+ Rxd8 28. Qxa6 Qd3 29. Rf1 Qc4 30. Qb6 Rd5 31. Qb8+ Kh7 32. h3 Qb3 33. Rb1
Qc2 34. Rf1 Qxb2 35. Qb7 Qb3 36. Kh2 Qc4 37. Rb1 Rd3 38. Qxb5 Qxb5 39. Rxb5 Rxc3
40. g3 Rc2 41. Kg2 c4 42. Kf3 c3 43. Ke3 Kg6 44. Kd3 Rxf2 45. Kxc3 Rf3+ 46. Kc4
Rxg3 47. Kd5 Rxh3 48. Rb4 Rd3+ 49. Ke4 Rd4+ 50. Rxd4 exd4 51. Kxd4 h5 52. Ke3
Kf5 53. Kf3 g5 54. Kg3 Ke4 55. Kh3 Kf3 56. Kh2 Kf2 57. Kh1 g4 58. Kh2 g3+ 59.
Kh3 g2 60. Kh4 g1=Q 61. Kh3 Qg3# 0-1

[Event "ch-FRA Blitz Online Qual"]
[Site "Europe-Chess INT"]
[Date "2020.05.16"]
[Round "10"]
[White "Frey, Thierry"]
[Black "Fernandez, Maylis"]
[Result "1-0"]
[WhiteElo "1792"]
[BlackElo "1165"]
[WhiteFideId "1317709"]
[BlackFideId "45148511"]
[EventDate "2020.05.16"]

1. e4 e5 2. Nf3 Nc6 3. Bb5 d6 4. d4 Bd7 5. Nc3 Qf6 6. Bg5 Qg6 7. Nd5 Rc8 8. Bd3
Nxd4 9. h4 Nxf3+ 10. Qxf3 Be7 11. Bxe7 Nxe7 12. h5 Qe6 13. Nxe7 Qxe7 14. O-O-O
O-O 15. g4 Qg5+ 16. Qe3 Qxe3+ 17. fxe3 Bxg4 18. Rdg1 Be6 19. Rg3 h6 20. Rhg1 d5
21. Rxg7+ Kh8 22. exd5 Bxd5 23. Rh7# 1-0

[Event "ch-FRA Blitz Online Qual"]
[Site "Europe-Chess INT"]
[Date "2020.05.16"]
[Round "10"]
[White "Bourgeois, Ludovic"]
[Black "Hwang, Daniel"]
[Result "1-0"]
[WhiteElo "1748"]
[BlackElo "1557"]
[WhiteFideId "690678"]
[BlackFideId "45136890"]
[EventDate "2020.05.16"]

1. d4 d5 2. Nf3 Nf6 3. e3 e6 4. Bd3 Bd6 5. O-O O-O 6. Nbd2 b6 7. b3 Bb7 8. Bb2
c5 9. Ne5 Nc6 10. f4 Rc8 11. g4 a6 12. g5 Nd7 13. Qh5 g6 14. Nxg6 fxg6 15. Bxg6
Qe7 16. dxc5 Bxc5 17. Bd3 Bxe3+ 18. Kh1 d4 19. Ne4 Nb4 20. g6 hxg6 21. Qxg6+ Qg7
22. Qxe6+ Rf7 23. Rg1 Nc5 24. Rxg7+ Kxg7 25. Qg4+ Kf8 26. Rf1 Nxe4 27. Bxe4
Bxe4+ 28. Rf3 Re8 29. h3 1-0

[Event "ch-FRA Blitz Online Qual"]
[Site "Europe-Chess INT"]
[Date "2020.05.16"]
[Round "10"]
[White "Levy, Kevin"]
[Black "Courjal, Juliette"]
[Result "1-0"]
[WhiteElo "1740"]
[BlackElo "1388"]
[WhiteFideId "45128588"]
[BlackFideId "45147833"]
[EventDate "2020.05.16"]

1. e4 e5 2. Nf3 Nc6 3. d4 exd4 4. Nxd4 Nf6 5. Nxc6 bxc6 6. e5 Nd5 7. c4 Nb6 8.
Bd3 Bc5 9. O-O O-O 10. Nc3 Re8 11. Re1 d5 12. b3 Qh4 13. g3 Qd4 14. Be3 Qxc3 15.
Bxc5 Bh3 16. Bd4 Qb4 17. Qh5 Be6 18. a3 Qd2 19. Bxh7+ Kf8 20. Bc5+ Re7 21. Bxe7+
Kxe7 22. Rad1 Qc3 23. Re3 Qb2 24. Qg5+ Kd7 25. Bf5 Rg8 26. Bxe6+ fxe6 27. Qg6
Ke7 28. Rf3 Rf8 29. Qxg7+ Kd8 30. Rxf8# 1-0

[Event "ch-FRA Blitz Online Qual"]
[Site "Europe-Chess INT"]
[Date "2020.05.16"]
[Round "10"]
[White "Genot, Jean-Paul"]
[Black "Bachy, Louis"]
[Result "1-0"]
[WhiteElo "1673"]
[BlackElo "1264"]
[WhiteFideId "45150940"]
[BlackFideId "45161178"]
[EventDate "2020.05.16"]

1. e4 c5 2. Nc3 Nc6 3. f4 e6 4. Bb5 a6 5. Bxc6 bxc6 6. Nf3 d5 7. e5 Ne7 8. d3
Nf5 9. O-O Qb6 10. Kh1 Be7 11. Rb1 O-O 12. Bd2 a5 13. Ne2 Ba6 14. g4 Nh6 15. h3
f6 16. Rg1 c4 17. d4 c5 18. Be3 cxd4 19. Nfxd4 Bc5 20. c3 fxe5 21. fxe5 Nf7 22.
Bf4 Nd8 23. Be3 Nc6 24. Nxc6 Qxc6 25. Bxc5 Qxc5 26. Nd4 Rf4 27. Qd2 Raf8 28.
Nxe6 Qc6 29. Nxf4 d4+ 30. Kh2 Qf3 31. Rbf1 Qe3 32. Qxe3 dxe3 33. Ne2 Re8 34. Rf3
Rxe5 35. Rgg3 Bb7 36. Rxe3 1-0

[Event "ch-FRA Blitz Online Qual"]
[Site "Europe-Chess INT"]
[Date "2020.05.16"]
[Round "10"]
[White "Hegedus, Pascal"]
[Black "Lamblain, Nicolas"]
[Result "0-1"]
[WhiteElo "1283"]
[BlackElo "1645"]
[WhiteFideId "20604289"]
[BlackFideId "20605641"]
[EventDate "2020.05.16"]

1. e4 c5 2. Nf3 d6 3. d4 cxd4 4. Nxd4 Nf6 5. Nc3 a6 6. Be3 e5 7. Nb3 Be7 8. f3
Be6 9. Qd2 d5 10. exd5 Nxd5 11. Nxd5 Qxd5 12. Qxd5 Bxd5 13. O-O-O Be6 14. Bb6
Nd7 15. Bf2 Rc8 16. Bd3 f6 17. Kb1 Kf7 18. g4 h6 19. h4 Rhd8 20. h5 Kf8 21. Bg6
Nc5 22. Rxd8+ Bxd8 23. Bxc5+ Kg8 24. Bb6 Bxb6 25. Rd1 Rd8 26. Rxd8+ Bxd8 27. Nc5
Bd5 28. b3 Bxf3 29. Ne6 Be7 30. a4 b5 31. axb5 axb5 32. Kb2 Bxg4 33. Nc7 b4 34.
Nd5 Bd6 35. c3 bxc3+ 36. Kxc3 Kf8 37. b4 Be6 38. Nb6 Ke7 39. b5 f5 40. Nc4 Bb8
41. Kb4 f4 42. Be4 Kf6 43. Kc5 Kg5 44. Na5 Kxh5 45. Nc6 Bc7 46. b6 Bxb6+ 47.
Kxb6 Bg4 48. Nxe5 g5 49. Kc5 Kh4 50. Kd4 Kg3 51. Kd3 h5 52. Nxg4 Kxg4 53. Ke2 h4
54. Kf2 h3 55. Bf3+ Kh4 56. Kg1 g4 57. Bc6 g3 58. Bf3 Kg5 59. Kh1 Kf5 60. Kg1
Ke5 61. Kf1 Kd4 62. Kg1 Ke3 63. Ba8 f3 64. Bb7 f2+ 65. Kf1 g2+ 66. Bxg2 hxg2+
67. Kxg2 Ke2 68. Kg3 f1=Q 69. Kg4 Qf6 70. Kg3 Qf5 0-1

[Event "ch-FRA Blitz Online Qual"]
[Site "Europe-Chess INT"]
[Date "2020.05.16"]
[Round "10"]
[White "Noyelles, Benoit"]
[Black "Grimault, Leane"]
[Result "0-1"]
[WhiteElo "1272"]
[BlackElo "1622"]
[WhiteFideId "551061350"]
[BlackFideId "36056847"]
[EventDate "2020.05.16"]

1. e4 d5 2. exd5 Qxd5 3. Nc3 Qa5 4. d4 Nf6 5. Bd2 Bg4 6. Nf3 Nc6 7. h3 Bh5 8. g4
Bg6 9. Nb5 Qb6 10. Rb1 a6 11. Nc3 O-O-O 12. Na4 Qa7 13. Bg2 Nxd4 14. O-O Bxc2
15. Qe2 0-1

[Event "ch-FRA Blitz Online Qual"]
[Site "Europe-Chess INT"]
[Date "2020.05.16"]
[Round "10"]
[White "Quenehen, Nassim"]
[Black "Dimey-Gabert, Quentin"]
[Result "1/2-1/2"]
[WhiteElo "1322"]
[BlackElo "1758"]
[WhiteFideId "45154198"]
[BlackFideId "36090085"]
[EventDate "2020.05.16"]

1. d4 Nf6 2. c4 e6 3. Nc3 Bb4 4. Qb3 Bxc3+ 5. Qxc3 O-O 6. e3 d5 7. Bd3 c6 8. Nf3
Qc7 9. Qd2 Nbd7 10. Qd1 Re8 11. O-O e5 12. dxe5 Nxe5 13. Nxe5 Rxe5 14. cxd5 Rxd5
15. Qc2 Bg4 16. f3 Be6 17. e4 Rd7 18. Bg5 Ne8 19. Rad1 f6 20. Be3 Rad8 21. Be2
Nd6 22. Bc5 Nb5 23. Rxd7 Rxd7 24. a3 Nd4 25. Bxd4 Rxd4 26. Rd1 Rxd1+ 27. Qxd1
Qb6+ 28. Kh1 Qxb2 29. Qd8+ Kf7 30. Qc7+ Kg6 31. Qg3+ Kf7 32. Qc7+ Kg6 33. Qg3+
Kf7 34. Qc7+ 1/2-1/2

[Event "ch-FRA Blitz Online Qual"]
[Site "Europe-Chess INT"]
[Date "2020.05.16"]
[Round "10"]
[White "Abiven, Pierre-Louis"]
[Black "Barrera, Armando"]
[Result "1-0"]
[WhiteElo "1200"]
[BlackElo "1486"]
[WhiteFideId "45168016"]
[BlackFideId "551036657"]
[EventDate "2020.05.16"]

1. e4 c5 2. Nf3 Nc6 3. Bc4 e6 4. d4 d5 5. exd5 exd5 6. Bb5 Nf6 7. Bg5 Be7 8. O-O
O-O 9. Nc3 Nb8 10. dxc5 Bxc5 11. Nxd5 Be7 12. Nxe7+ Qxe7 13. Re1 Be6 14. Bc4 Nc6
15. Bxe6 fxe6 16. Qe2 Rae8 17. c3 e5 18. Nd2 Qc5 19. Nb3 Qb6 20. Qe3 Qc7 21.
Bxf6 Rxf6 22. Nd4 Ref8 23. Nxc6 bxc6 24. f3 Qb6 25. Qxb6 axb6 26. Rxe5 c5 27.
Rae1 Rd6 28. Kf2 Rd2+ 29. R1e2 Rfd8 30. Re8+ Rxe8 31. Rxd2 Re6 32. b4 c4 33. Rd4
b5 34. Rd5 Rb6 35. Rd8+ Kf7 36. Ra8 Rd6 37. a4 Rd2+ 38. Kg3 Rd3 39. axb5 Rxc3
40. b6 Rb3 41. b7 Rxb4 42. b8=Q Rxb8 43. Rxb8 c3 44. Rc8 1-0

[Event "ch-FRA Blitz Online Qual"]
[Site "Europe-Chess INT"]
[Date "2020.05.16"]
[Round "10"]
[White "Pernoud, Claire"]
[Black "Porchel, Baptiste"]
[Result "1-0"]
[WhiteElo "1428"]
[BlackElo "1104"]
[WhiteFideId "663018"]
[BlackFideId "45193037"]
[EventDate "2020.05.16"]

1. e4 e5 2. Nf3 Nc6 3. Bb5 Nf6 4. O-O Nxe4 5. Re1 Nd6 6. Bxc6 dxc6 7. Rxe5+ Be7
8. Re1 O-O 9. Nc3 Bg4 10. d4 Bg5 11. Bxg5 Qxg5 12. Nxg5 Bxd1 13. Rexd1 h6 14.
Nf3 Rfe8 15. Re1 Nb5 16. Rxe8+ Rxe8 17. Nxb5 cxb5 18. Re1 Rd8 19. c3 a5 20. Re7
Rc8 21. Ne5 b6 22. Rxf7 c5 23. dxc5 bxc5 24. Kf1 Re8 25. Rf5 g6 26. Nxg6 Kg7 27.
Nf4 Rd8 28. Ke2 Rc8 29. Ne6+ Kg6 30. Rxc5 Re8 31. Re5 Kf6 32. f4 Rxe6 33. Rxe6+
Kxe6 34. Ke3 Kd5 35. Kd3 h5 36. h3 h4 37. Ke3 a4 38. Kf3 Ke6 39. Kg4 Kd5 40.
Kxh4 Kc4 41. g4 Kd3 42. f5 Kc2 43. f6 Kxb2 44. f7 Kxa2 45. f8=Q a3 46. Qb4 Ka1
47. Qxb5 a2 48. Qf1+ Kb2 49. c4 Kb3 50. c5 Kb4 51. c6 Kc5 52. c7 Kb6 53. c8=Q
a1=Q 54. Qxa1 Kb5 55. Qb1+ Ka5 56. Qa8# 1-0

[Event "ch-FRA Blitz Online Qual"]
[Site "Europe-Chess INT"]
[Date "2020.05.16"]
[Round "10"]
[White "Anas, Raphael"]
[Black "Chen, Zhiyue Dashan"]
[Result "1-0"]
[WhiteElo "1421"]
[BlackElo "1119"]
[WhiteFideId "45115770"]
[BlackFideId "551034930"]
[EventDate "2020.05.16"]

1. e4 e5 2. Nf3 Nc6 3. Bc4 Bc5 4. d3 h6 5. Be3 Bb6 6. Nc3 d6 7. d4 exd4 8. Nxd4
Nxd4 9. Bxd4 Bxd4 10. Qxd4 Nf6 11. O-O-O O-O 12. Rd3 Re8 13. h4 Kf8 14. f3 Bd7
15. g4 Qe7 16. Re3 Qe5 17. Qxe5 dxe5 18. g5 Nh7 19. gxh6 gxh6 20. Nd5 Rac8 21.
Re2 c6 22. Ne3 Nf6 23. Rg1 Ke7 24. Nf5+ Bxf5 25. exf5 Kd6 26. Rd1+ Kc7 27. Bxf7
Re7 28. Be6 Rd8 29. Rxd8 Kxd8 30. Rxe5 Kc7 31. Re1 Kd6 32. c3 Nd5 33. Re4 Nf6
34. Rd4+ Kc7 35. Rd1 b5 36. Rg1 Kd6 37. Rg6 Nd5 38. Bxd5+ Kxd5 39. Rxh6 Rf7 40.
f6 Ke6 41. h5 Rxf6 42. Rxf6+ Kxf6 43. h6 Kg6 44. Kd2 Kxh6 45. Kd3 Kg6 46. Ke4
Kf6 47. f4 a5 48. b4 a4 49. a3 Ke6 50. f5+ Kf6 51. Kf4 Kf7 52. Ke5 Ke7 53. f6+
Kf7 54. Kf5 Kf8 55. Ke6 Ke8 56. f7+ Kf8 57. Kd6 Kxf7 58. Kxc6 Ke6 59. Kxb5 Kd5
60. c4+ Kd6 61. c5+ Kc7 62. Kxa4 Kc6 63. Kb3 Kb5 64. a4+ Ka6 65. Kc4 Kb7 66. b5
Ka7 67. a5 Kb7 68. c6+ Kc7 69. Kc5 Kb8 70. b6 Ka8 71. a6 Kb8 72. c7+ Kc8 73. Kb5
Kd7 74. a7 Ke6 75. a8=Q Ke5 76. c8=Q Kf6 77. Qac6+ Kg5 78. Qg8+ Kf4 79. Qcc4+
Ke5 80. Qge6# 1-0

[Event "ch-FRA Blitz Online Qual"]
[Site "Europe-Chess INT"]
[Date "2020.05.16"]
[Round "10"]
[White "Negre, Maxime"]
[Black "Chevillon, Manon"]
[Result "1-0"]
[WhiteElo "1105"]
[BlackElo "1356"]
[WhiteFideId "45187231"]
[BlackFideId "45135690"]
[EventDate "2020.05.16"]

1. e4 e5 2. Nf3 Nc6 3. Bc4 Bc5 4. Nc3 Nf6 5. d3 d6 6. h3 Be6 7. Bb3 Qd7 8. Be3
Bb6 9. d4 exd4 10. Nxd4 Bxb3 11. axb3 O-O 12. Nxc6 Qxc6 13. Bxb6 Qxb6 14. O-O
Rfe8 15. Re1 Qc6 16. Qd3 Re7 17. Kh1 Rae8 18. Rxa7 Qb6 19. Ra4 Qxf2 20. Re3 Qh4
21. e5 Qh6 22. Qd4 Rxe5 23. Rxe5 Rxe5 24. Qxe5 Qc1+ 25. Kh2 h6 26. Qf5 Nh7 27.
Ra8+ Nf8 28. Nd5 g6 29. Qf6 Qe1 30. Ne7+ Kh7 31. Rxf8 Qe5+ 32. Qxe5 dxe5 33.
Rxf7+ Kh8 34. Nxg6+ Kg8 35. Rxc7 e4 36. Re7 h5 37. Rxe4 h4 38. Nxh4 b6 39. Rb4
b5 40. Rxb5 Kg7 41. Rb6 Kf7 42. Rd6 Kg7 43. Nf3 Kf7 44. Ng5+ Ke7 45. Ne4 Kf7 46.
b4 Ke7 47. b5 Kf7 48. b6 Ke8 49. b7 Kf7 50. b8=Q Ke7 51. Qc7+ Kf8 52. Rd8# 1-0

[Event "ch-FRA Blitz Online Qual"]
[Site "Europe-Chess INT"]
[Date "2020.05.16"]
[Round "10"]
[White "Bosc, Frederic"]
[Black "Migus, Ethan"]
[Result "1/2-1/2"]
[WhiteElo "1365"]
[BlackElo "1084"]
[WhiteFideId "36030970"]
[BlackFideId "551047594"]
[EventDate "2020.05.16"]

1. e4 d5 2. exd5 Nf6 3. d4 Nxd5 4. Nf3 Nc6 5. c4 Nf6 6. Nc3 Bg4 7. Be2 Bxf3 8.
Bxf3 Qd7 9. O-O O-O-O 10. Be3 Nxd4 11. Bxd4 Qxd4 12. Qb3 Qb6 13. Qxb6 axb6 14.
Nb5 Kb8 15. a3 c6 16. Nc3 e5 17. Rfe1 Bd6 18. Rad1 Rhe8 19. b4 Kc8 20. Re2 Re7
21. Red2 Bc7 22. Rxd8+ Bxd8 23. Ne4 Nxe4 24. Bxe4 g6 25. g3 Rd7 26. Rxd7 Kxd7
27. Kf1 f5 28. Bg2 Bg5 29. Ke2 Bc1 30. a4 Ba3 31. b5 cxb5 32. cxb5 Kc7 33. Kd3
Bc5 34. f4 exf4 35. gxf4 Bd6 36. Ke3 Bc5+ 37. Kf3 Bd4 38. h4 Bf6 39. h5 gxh5 40.
Bh3 h6 41. Bxf5 Bd4 42. Bg6 h4 43. Kg4 Bf6 44. f5 Kd6 45. Be8 Ke5 46. Bd7 Kd4
47. Bc8 Kc4 48. Bxb7 Kb4 49. Bc6 Kxa4 50. Kh5 Kb4 51. Kxh6 h3 52. Kg6 Bd8 53. f6
Bxf6 54. Kxf6 h2 55. Kf5 h1=Q 56. Bxh1 Kxb5 57. Bf3 Kc5 58. Ke4 b5 59. Kd3 b4
60. Kc2 Kb5 61. Kb2 Ka4 62. Bd1+ Kb5 63. Bc2 Kc4 64. Bb3+ Kb5 65. Bf7 Ka4 66.
Be8+ Ka5 67. Kb3 Kb6 68. Bf7 Kc7 69. Kxb4 1/2-1/2

[Event "ch-FRA Blitz Online Qual"]
[Site "Europe-Chess INT"]
[Date "2020.05.16"]
[Round "10"]
[White "Menoux, Abel"]
[Black "Gombrowicz, Renaud"]
[Result "1-0"]
[WhiteElo "1141"]
[BlackElo "1343"]
[WhiteFideId "36087173"]
[BlackFideId "651019760"]
[EventDate "2020.05.16"]

1. d4 Nf6 2. Nf3 g6 3. Bf4 Bg7 4. e3 d6 5. c4 O-O 6. Bd3 Nbd7 7. O-O Nh5 8. Bg5
h6 9. Bh4 g5 10. Nxg5 hxg5 11. Qxh5 Nf6 12. Qxg5 e5 13. dxe5 dxe5 14. Qxe5 Qxd3
15. Bxf6 Bxf6 16. Qxf6 Be6 17. Nc3 Qf5 18. Qh4 c6 19. Ne4 f6 20. Qg3+ Kf7 21.
Nd6+ Ke7 22. Nxf5+ Bxf5 23. Rad1 Rad8 24. Qg7+ Rf7 25. Qg3 Be6 26. Qc7+ Rd7 27.
Rxd7+ Bxd7 28. Rd1 Kf8 29. Rxd7 Rxd7 30. Qxd7 1-0

[Event "ch-FRA Blitz Online Qual"]
[Site "Europe-Chess INT"]
[Date "2020.05.16"]
[Round "10"]
[White "Mirguet, Vladislav"]
[Black "Gabino, Karl"]
[Result "0-1"]
[WhiteElo "1073"]
[BlackElo "1331"]
[WhiteFideId "45136432"]
[BlackFideId "45135886"]
[EventDate "2020.05.16"]

1. d4 Nf6 2. c4 g6 3. Nc3 Bg7 4. Bg5 O-O 5. e3 d6 6. Nf3 c6 7. Bd3 Nbd7 8. O-O
Qc7 9. b3 e5 10. d5 cxd5 11. Bxf6 Nxf6 12. Nxd5 Nxd5 13. cxd5 Qe7 14. Rc1 e4 15.
Bb5 exf3 16. Qxf3 Bf5 17. e4 Bxe4 18. Qe3 Qe5 19. Rfe1 Bxd5 20. Qxe5 dxe5 21.
Rc5 Be6 22. g3 Rac8 23. Rxc8 Rxc8 24. f4 exf4 25. gxf4 Rc2 26. a4 Bxb3 27. Re3
Bd4 0-1

[Event "ch-FRA Blitz Online Qual"]
[Site "Europe-Chess INT"]
[Date "2020.05.16"]
[Round "10"]
[White "Trimbitasu, Elyas"]
[Black "Gouja, Wissem"]
[Result "0-1"]
[WhiteElo "1175"]
[BlackElo "1346"]
[WhiteFideId "551013410"]
[BlackFideId "551013800"]
[EventDate "2020.05.16"]

1. e4 e5 2. Nf3 Nc6 3. Bb5 a6 4. Bxc6 dxc6 5. Kf1 Bd6 6. d4 exd4 7. Qxd4 Kf8 8.
e5 Be7 9. Qxd8+ Bxd8 10. Nc3 Be6 11. Ng5 Bc4+ 12. Ke1 h6 13. Nf3 Ne7 14. Bf4 Ng6
15. Bg3 Be7 16. Nd2 Be6 17. Ke2 Rd8 18. Rhd1 h5 19. Kf1 h4 20. Bxh4 Rxh4 21. h3
Bg5 22. Nf3 Bc4+ 23. Kg1 Rxd1+ 24. Rxd1 Rh5 25. Nxg5 Rxg5 26. Rd8+ Ke7 27. Rb8
Rxe5 28. Rxb7 Kd6 29. b3 Bd5 30. f3 Nf4 31. Rb8 Ne2+ 32. Nxe2 Rxe2 33. Rd8+ Ke7
34. Ra8 Rxc2 35. Rxa6 Rc1+ 36. Kh2 Ra1 37. Ra7 Kd6 38. Ra8 Bxb3 39. Rg8 Rxa2 40.
Rxg7 Be6 41. Rg4 c5 42. Re4 c4 43. Rd4+ Kc5 44. Rd1 c3 45. Rc1 c2 46. Kg3 Bf5
47. Kf2 Rb2 48. g4 Bg6 49. f4 Rb1 50. f5 Rxc1 51. fxg6 fxg6 52. Ke2 Re1+ 53.
Kxe1 c1=Q+ 54. Kf2 Qd2+ 55. Kg3 Kd4 56. h4 Qe1+ 57. Kh3 c5 58. h5 gxh5 59. gxh5
c4 60. h6 c3 61. h7 Qh1+ 62. Kg4 Qxh7 63. Kf3 c2 64. Ke2 c1=Q 0-1

[Event "ch-FRA Blitz Online Qual"]
[Site "Europe-Chess INT"]
[Date "2020.05.16"]
[Round "10"]
[White "Plaidit, Hugo"]
[Black "Gusev, Mickael"]
[Result "0-1"]
[WhiteElo "1319"]
[BlackElo "1032"]
[WhiteFideId "551003066"]
[BlackFideId "551081997"]
[EventDate "2020.05.16"]

1. e4 e5 2. Nf3 Nc6 3. Bc4 Nf6 4. d3 Bc5 5. Nc3 d6 6. Bg5 h6 7. Bxf6 Qxf6 8. Nd5
Qd8 9. O-O O-O 10. c3 Na5 11. Bb3 c6 12. Nb4 Bxb4 13. cxb4 Nxb3 14. Qxb3 Bg4 15.
Qd1 f5 16. h3 Bxf3 17. Qxf3 f4 18. Rfd1 Qg5 19. d4 Rf6 20. dxe5 dxe5 21. Rd7 Rb8
22. Rad1 Qg6 23. Rd8+ Rxd8 24. Rxd8+ Kh7 25. Rd7 Rf7 26. Rxf7 Qxf7 27. a3 Qb3
28. Qe2 b5 29. Kh2 Qc4 30. g3 Qxe2 0-1

[Event "ch-FRA Blitz Online Qual"]
[Site "Europe-Chess INT"]
[Date "2020.05.16"]
[Round "10"]
[White "Fronius, Lino"]
[Black "Lambert Hoareau, Guillaume"]
[Result "1-0"]
[WhiteElo "1313"]
[BlackElo "1348"]
[WhiteFideId "36050083"]
[BlackFideId "45172323"]
[EventDate "2020.05.16"]

1. e4 d5 2. exd5 Nf6 3. Nf3 Bg4 4. Be2 Qxd5 5. d3 e6 6. Nc3 Qg5 7. Bxg5 h6 8.
Bxf6 gxf6 9. Nd4 Bxe2 10. Qxe2 Nc6 11. Nxc6 bxc6 12. Qf3 Kd7 13. O-O-O Bg7 14.
Ne4 f5 15. Nc5+ Kd6 16. d4 Rab8 17. c3 Rb5 18. Qf4+ Ke7 19. Qxc7+ Kf6 20. h4
Rhb8 21. b3 a5 22. h5 a4 23. Qe5+ Ke7 24. Qxg7 axb3 25. axb3 Ra8 26. Kb2 Rba5
27. Ra1 Rxa1 28. Rxa1 Rxa1 29. Kxa1 f4 30. Qxh6 f3 31. gxf3 f5 32. Qg7+ Kd6 33.
Qe5+ Ke7 34. Qxe6+ Kd8 35. Qd7# 1-0

[Event "ch-FRA Blitz Online Qual"]
[Site "Europe-Chess INT"]
[Date "2020.05.16"]
[Round "10"]
[White "Lequang, Enzo"]
[Black "Thibous, Mathis"]
[Result "0-1"]
[WhiteElo "1068"]
[BlackElo "1313"]
[WhiteFideId "551052911"]
[BlackFideId "45163014"]
[EventDate "2020.05.16"]

1. e4 c5 2. Nf3 a6 3. d4 cxd4 4. Nxd4 Nf6 5. Nc3 e5 6. Nf3 Bb4 7. Bd2 O-O 8. a3
Bxc3 9. Bxc3 Nxe4 10. Bxe5 Re8 11. Be2 d6 12. Bd4 Nc6 13. Be3 d5 14. O-O b5 15.
Bd3 Bb7 16. Bxe4 dxe4 17. Qxd8 Raxd8 18. Nd2 Nd4 19. Bxd4 Rxd4 20. Rad1 Red8 21.
f3 Rxd2 22. Rxd2 Rxd2 23. fxe4 Bxe4 24. Re1 Rxg2+ 25. Kf1 Bc6 26. Rd1 h5 27.
Rd8+ Kh7 28. Rd6 Rxc2 29. b3 Be4 30. Rxa6 Rxh2 31. Ra5 Rb2 32. Rxb5 Bd3+ 33. Ke1
Bxb5 34. a4 Rxb3 35. a5 Ra3 36. a6 Rxa6 37. Kd2 Ra3 38. Kc2 Rg3 39. Kd2 g5 40.
Kc2 f5 41. Kb2 h4 42. Kc2 h3 43. Kd2 h2 44. Ke1 h1=Q+ 45. Kf2 Qf3+ 46. Ke1 Qe2# 0-1